| 000 | 00607nam a2200193 a 4500 | ||
|---|---|---|---|
| 001 | 2170 | ||
| 003 | CDMR | ||
| 005 | 20131023163454.0 | ||
| 008 | 130130s2001||||||||||||||||||||||||||||d | ||
| 020 | _a8489644624 | ||
| 040 |
_aCDMR _bcat _cCDMR |
||
| 100 | 1 |
_aMunsó Cabús, Joan _968 |
|
| 245 | 1 | 3 |
_aLa otra cara de la televisión _b: 45 años de historia y política audiovisual _cJoan Munsó Cabús |
| 260 |
_aBarcelona _c2001 _bFlor del Viento |
||
| 490 | 0 |
_aDel viento terral _v23 |
|
| 650 | 0 | 4 |
_91116 _aTelevisió _xHistòria _zEspanya |
| 650 | 0 | 4 |
_93730 _aPolítica de la televisió _zEspanya |
| 942 |
_cMON _2udc |
||
| 999 |
_c2170 _d2170 |
||